000 00615cam a22002052a 4500
001 011783
003 AR-FADEU
008 311216n1986####xxu####################dd
020 _a950-25-1408-4
092 _a982.06
_bP153
100 _aPalacios, Alfredo L.
245 _aUn socialismo argentino y para la argentina
260 _aBuenos Aires
260 _bCentro Editor de América Latina
260 _c1986
300 _a2 v
440 _aBiblioteca política argentina
_n147-148
650 _aHISTORIA ARGENTINA; HISTORIA POLITICA-ARGENTINA; SOCIALISMO-ARGENTINA; PALACIOS, ALFREDO L.
942 _cBDGR
999 _c17556
_d17556